Airlines that serve Boston Logan (BOS) - Statistics

General Stats
  • This quiz has been taken 62 times
  • The average score is 31 of 48
Answer Stats
Answer % Correct
American Airlines
97%
JetBlue
97%
Delta Air Lines
90%
United Airlines
90%
Aeroméxico
86%
Air Canada
86%
Air France
86%
British Airways
86%
Aer Lingus
83%
Lufthansa
83%
Southwest Airlines
83%
Emirates
79%
Frontier Airlines
79%
Japan Airlines
79%
KLM
79%
Spirit Airlines
79%
WestJet
79%
Alaska Airlines
76%
Icelandair
72%
Korean Air
72%
LATAM
72%
Virgin Atlantic
72%
Qatar Airways
69%
Turkish Airlines
69%
Avianca
66%
Iberia
66%
Porter Airlines
66%
Allegiant Air
62%
Cape Air
62%
Cathay Pacific
62%
Hawaiian Airlines
62%
El Al
59%
Austrian Airlines
55%
Copa Airlines
55%
ITA Airways
55%
Scandinavian Airlines
55%
Sun Country Airlines
55%
TAP Air Portugal
55%
Hainan Airlines
48%
Condor
45%
Etihad Airways
45%
Swiss International Air Lines
45%
Azores Airlines
41%
BermudAir
38%
Level
34%
Play
31%
Boutique Air
24%
Arajet
14%
No matching quizzes found
Score Distribution
Percent of People with Each Score
Percentile by Number Answered
Your Score History
You have not taken this quiz